Statistics for Sonic Youth discography

Click here to take the quiz!

General Stats

  • This quiz has been taken 8 times
  • The average score is 14 of 16

Answer Stats

YearAlbum% Correct
1983Confusion is Sex
100%
1988Daydream Nation
100%
1992Dirty
100%
1986EVOL
100%
1990Goo
100%
1987Sister
100%
1995Washing Machine
100%
1985Bad Moon Rising
83%
2002Murray Street
83%
2004Sonic Nurse
83%
1982Sonic Youth
83%
1994Experimental Jet Set, Trash and No Star
67%
2000NYC Ghosts & Flowers
67%
2006Rather Ripped
67%
2009The Eternal
67%
1998A Thousand Leaves
50%

Score Distribution

Percentile by Number Answered

Percent of People with Each Score

Your Score History

You have not taken this quiz